00886cam a2200241 a 450000100100000000500170001000800410002702000150006804000250008304200140010808200180012210000310014024500540017126000410022530000320026665000330029865000650033165000520039665000180044891000340046695201290050099900150062900000173420260209094147.0950703s1995 caua 001 0 eng d z1568844549 aDO-SdBNPcTSewUdDLC alccopycat a005.72bT238c1 aTaylor, Dave,d1962-9564010aCreating cool Web pages with HTML /cDave Taylor. aFoster City, CA :bIDG Books,c1995. axx, 280 p. :bil. ;c24 cm. 4aMultimedia interactiva95575 4aWorld wide web (servicio de información sobre redes)95641 4aHtml (lenguaje de procesamiento de texto)95642 0aInternet9105 aCatalogación por copia / LC 001052708MOaGRbGRcHDd2009-09-01e002344iLF1l0o005.72 T238cp1734-10r2020-06-25w2020-06-25y2ZPréstamo interno c1612d1612